000
00466nam a2200181Ia 4500
008
100917s9999 xx 000 0 und d
082
_b
44301
100
_a
बंड श्याम
245
_a
हसणावळ
260
_b
नेत्रा प्रकाशन
_c
1980
300
_a
116
365
_b
12
520
_a
निबंध
630
_a
हसणावळ
650
_a
निबंध
730
_a
हसणावळ
942
_c
BOOK
999
_c
649695
_d
649692